000 00337nam a2200145Ia 4500
008 090124s9999 xx 000 0 und d
082 _b301631
245 _a सौदा
250 _a1
260 _bतिबिले अनंत.
_c1986
300 _a176
630 _a सौदा
730 _a सौदा
942 _cBOOK
999 _c191206
_d191206